| 000 | 00493nam a2200181Ia 4500 | ||
|---|---|---|---|
| 001 | 21329 | ||
| 005 | 20260306172911.0 | ||
| 008 | 260306t2018||||xx |||||||||||||| ||spa|| | ||
| 041 | _aESP | ||
| 082 |
_a344.528 _bA72 |
||
| 100 |
_aArismendiz Amaya, Eliu _eAUT |
||
| 245 | 0 |
_aManual de delitos contra la administración pública: _bcuestiones sustanciales y procesales |
|
| 260 | _c2018 | ||
| 300 |
_a892 páginas : _c25 cm. |
||
| 650 | _aGEN | ||
| 654 | _aCDE | ||
| 942 |
_cLIB _dJUS _fJUS _2ddc _n |
||
| 999 |
_c21329 _d21329 |
||